UM Logo

Fitness for life : (Record no. 18636)

MARC details
000 -LEADER
fixed length control field 00816nam a22002057a 4500
008 - FIXED-LENGTH DATA ELEMENTS--GENERAL INFORMATION
fixed length control field 231219b ||||| |||| 00| 0 eng d
020 ## - INTERNATIONAL STANDARD BOOK NUMBER
International Standard Book Number 9789719812432
082 ## - DEWEY DECIMAL CLASSIFICATION NUMBER
Edition number 2020
Classification number DC 613.7
Item number P838
100 ## - MAIN ENTRY--PERSONAL NAME
Personal name Porto, Jerome A.
9 (RLIN) 50530
245 ## - TITLE STATEMENT
Title Fitness for life :
Remainder of title health - optimizing physical education for senior high school /
Statement of responsibility, etc. Jerome A. Poro, Aida A. Vargas, and Mia Elaine C. Jr. Andaliza.
250 ## - EDITION STATEMENT
Edition statement Revised edition.
260 ## - PUBLICATION, DISTRIBUTION, ETC. (IMPRINT)
Place of publication, distribution, etc. Quezon City :
Name of publisher, distributor, etc. C&E publishing, Inc.,
Date of publication, distribution, etc. ©2020.
300 ## - PHYSICAL DESCRIPTION
Extent xi, 130 pages :
Other physical details color illustrations ;
Dimensions 26 cm.
500 ## - GENERAL NOTE
General note Includes glossary, references, and index.
650 ## - SUBJECT ADDED ENTRY--TOPICAL TERM
Topical term or geographic name as entry element Physical education.
9 (RLIN) 50542
650 ## - SUBJECT ADDED ENTRY--TOPICAL TERM
Topical term or geographic name as entry element Physical fitness.
9 (RLIN) 50543
700 ## - ADDED ENTRY--PERSONAL NAME
Personal name Vargas, Aida A.
Relator term author.
9 (RLIN) 50531
700 ## - ADDED ENTRY--PERSONAL NAME
Personal name Andaliza, Mia Elaine C.
Relator term author.
9 (RLIN) 50532
Titles and other words associated with a name Jr.
942 ## - ADDED ENTRY ELEMENTS (KOHA)
Source of classification or shelving scheme Dewey Decimal Classification
Koha item type Circulation
Holdings
Withdrawn status Lost status Source of classification or shelving scheme Damaged status Not for loan Collection code Home library Current library Date acquired Source of acquisition Cost, normal purchase price Total Checkouts Full call number Barcode Date last seen Price effective from Koha item type
    Dewey Decimal Classification     Circulation UM Digos College - LIC UM Digos College - LIC 08/08/2023 Purchased 370.00   DC 613.7 P838 2020 27355 05/15/2025 12/19/2023 Circulation